Geographische Siebenergruppen #2 - Statistiken

Allgemein
  • Dieses Quiz wurde 5.332 mal gespielt
    5.220 seit der letzten Aktualisierung
  • Das Durchschnittsergebnis liegt bei 32 aus 56
Antwortstatistiken
Gruppe Antwort % Korrekt
Größte Landmassen in Ozeanien Australien
94%
Bevölkerungsreichste Städte Deutschlands Berlin
90%
Bevölkerungsreichste Städte Deutschlands Hamburg
89%
Bevölkerungsreichste Städte Deutschlands München
89%
Größter Berg auf jedem Kontinent Mt. Everest
88%
Bevölkerungsreichste Städte der USA New York City
88%
Bevölkerungsreichste Städte Deutschlands Köln
87%
G7-Länder Deutschland
86%
Länder in Zentralamerika Panama
86%
G7-Länder Vereinigte Staaten
86%
G7-Länder Frankreich
84%
Bevölkerungsreichste Städte der USA Los Angeles
84%
Länder in Zentralamerika Honduras
82%
Länder in Zentralamerika Costa Rica
81%
Länder in Zentralamerika El Salvador
80%
Bevölkerungsreichste Städte Deutschlands Frankfurt am Main
80%
Länder in Zentralamerika Nicaragua
80%
Länder in Zentralamerika Guatemala
79%
Bevölkerungsreichste Städte Deutschlands Stuttgart
78%
Länder in Zentralamerika Belize
77%
Bevölkerungsreichste Städte Deutschlands Düsseldorf
77%
G7-Länder Vereinigtes Königreich
77%
G7-Länder Italien
74%
Länder in Indochina Vietnam
73%
G7-Länder Kanada
72%
Länder in Indochina Laos
72%
Länder in Indochina Thailand
72%
G7-Länder Japan
69%
Länder in Indochina Kambodscha
69%
Bevölkerungsreichste Städte der USA Chicago
68%
Länder in Indochina Myanmar
68%
Länder in Indochina Malaysia
65%
Größter Berg auf jedem Kontinent Kilimandscharo
63%
Länder in Indochina Singapur
59%
Bevölkerungsreichste Städte der USA Houston
50%
Kanadische Provinzen, die an die USA grenzen Québec
50%
Kanadische Provinzen, die an die USA grenzen Ontario
37%
Bevölkerungsreichste Städte der USA Philadelphia
37%
Kanadische Provinzen, die an die USA grenzen Alberta
33%
Größter Berg auf jedem Kontinent Mt. Elbrus
32%
Größte Landmassen in Ozeanien Tasmanien
32%
Größte Landmassen in Ozeanien Neuguinea
30%
Größte Landmassen in Ozeanien Nordinsel
27%
Größte Landmassen in Ozeanien Südinsel
27%
Kanadische Provinzen, die an die USA grenzen British Columbia
26%
Größter Berg auf jedem Kontinent Denali
26%
Bevölkerungsreichste Städte der USA Phoenix
24%
Kanadische Provinzen, die an die USA grenzen Manitoba
19%
Kanadische Provinzen, die an die USA grenzen Saskatchewan
17%
Größter Berg auf jedem Kontinent Aconcagua
15%
Bevölkerungsreichste Städte der USA San Antonio
15%
Kanadische Provinzen, die an die USA grenzen New Brunswick
13%
Größte Landmassen in Ozeanien Neukaledonien
8%
Größter Berg auf jedem Kontinent Vinson-Massiv
4%
Größter Berg auf jedem Kontinent Mt. Wilhelm
3%
Größte Landmassen in Ozeanien Neubritannien
3%
Keine übereinstimmenden Quizze gefunden
Verteilung der Resultate
Anzahl Personen mit jedem Resultat
Perzentil nach korrekt beantworteten Fragen
Ihre Resultats-Entwicklung
Sie haben dieses Quiz seit der letzten Aktualisierung nicht gespielt